Accept Songs - Sudden Death - Statistics

General Stats
  • This quiz has been taken 17 times
    16 since last reset
  • The average score is 5 of 10
Answers on the Grid
Answers color-coded by a green-red scale on the quiz's grid according to % correct below.
Ace of Spades
All Hell’s Breaking Loose
Balls on Fire
Balls to the Wall
Breaking the Law
Dog Eat Dog
Dogs on Leads
Electric Eye
Fast as a Shark
Flash Rockin’ Man
Head Over Heels
Holy Diver
Metal Gods
Metal Heart
Metal Storm
Neon Light Child
Neon Nights
Princess of the Dawn
Princess of the Night
Raining Blood
Restless Nights
Rock Bottom
Run Through the Night
Run with the Wolf
Shark Attack
Shout at the Devil
Symphony of Destruction
The Hellion
Thundersteel
Winter Dreams
 
Answer Stats
Answer % Correct
Balls to the Wall
88%
Fast as a Shark
75%
Princess of the Dawn
75%
Metal Heart
63%
Dogs on Leads
50%
Flash Rockin’ Man
38%
Neon Nights
38%
Head Over Heels
25%
Winter Dreams
25%
Run Through the Night
13%
No matching quizzes found
Score Distribution
Percent of People with Each Score
Percentile by Number Answered
Your Score History
You have not taken this quiz since the last reset